00501nam a22001457a 450000500170000001000290001702000260004603700210007210000200009324500880011326000320020127000540023330000270028750000410031420170918105405.0 a1718EN-30  a9788129144881c295.00 bAakar Booksadpl aMitra, Sudipta  aPearl by the river :bNawab Wajid Ali Shah's kingdom in exile / cby Sudipta Mitra  aNew Delhi bRupa Pub.c2017 a7/16, Ansari Road, Daryaganj, bNew Delhie110002 axviii,237p.c19cm(pbk) aIncludes bibliographical references